00430nam a2200133Ia 4500008004100000100002200041245004300063260000900106300003100115440002400146650003500170999001900205952007200224180117s9999 xx 000 0 und d aby Voltaire Tayag 4aAnd the Bb. Pilipinas Frontrunners are c2017 a22-24 pages, 2017 March 19 aPhilippine Panorama aBB. PILIPINAS FRONTRUNNERS ARE c353615d353615 001040aCLbCLd2018-01-17l0r2018-01-17 00:00:00w2018-01-17ySE